Normal view
MARC view
- Problems in Mechanics
Entry Topical Term
001 - CONTROL NUMBER
- control field: 113962
003 - CONTROL NUMBER IDENTIFIER
- control field: NUST
005 - DATE AND TIME OF LATEST TRANSACTION
- control field: 20230804122136.0
008 - FIXED-LENGTH DATA ELEMENTS
- fixed length control field: 230804|| aca||aabn | a|a d
040 ## - CATALOGING SOURCE
- Original cataloging agency: NUST
- Transcribing agency: NUST
150 ## - HEADING--TOPICAL TERM
- Topical term or geographic name entry element: Problems in Mechanics
670 ## - SOURCE DATA FOUND
- Source citation: Work cat.: (NUST): Dhawan, D. K 59843, Problems in Mechanics:, 2002.
